Liturgia y Teología: del dilema a la síntesis

Salvato in:
Dettagli Bibliografici
Autore principale: Berlanga Gaona, Alfonso (Autore)
Natura: Libro
Lingua:spagnolo
Pubblicazione: Barcelona Centre de Pastoral Litúrgica 2013
Edizione:1a. ed
Serie:Biblioteca Litúrgica, 44
Soggetti:
Tags: Aggiungi Tag
Nessun Tag, puoi essere il primo ad aggiungerne!!

MARC

LEADER 00000cam a2200000 a 4500
001 UCE8692
003 CL-VaPUC
008 150827e20130000sp |||||||||||||||||spa|d
020 |a 9788498056129 
082 0 4 |a 265  |b BER  |2 21 
100 0 |a Berlanga Gaona, Alfonso  |e author  |9 581414 
245 1 0 |a Liturgia y Teología: del dilema a la síntesis 
250 |a 1a. ed 
300 |a 312 p 
942 |c BK 
945 |d 20150827 16:13:00  |a dcastane 
260 |a Barcelona  |b Centre de Pastoral Litúrgica  |c 2013 
650 0 |a Liturgia católica  |9 516111 
650 0 |a Sacramentos   |9 257270 
650 0 |a Ritos sagrados  |9 389594 
583 |a last modification  |c 20150827 16:13:00  |k Rodrigo Vera 
490 0 |a Biblioteca Litúrgica, 44 
999 |c 360478  |d 360476 
952 |0 0  |1 0  |3 erd  |4 0  |6 265_000000000000000_BER_2013  |7 0  |8 A  |9 470311  |a BIBTEO  |b BIBTEO  |i 5195292  |l 2  |o 265 BER 2013  |p 5195292  |r 2025-01-17  |s 2023-05-02  |w 2019-11-23  |y BK  |z Catalogado en:20150827  |k ICR 
952 |0 0  |1 0  |3 erd  |4 0  |6 265_000000000000000_BER_2013  |7 0  |8 A  |9 470312  |a BIBTEO  |b BIBTEO  |i 5196302  |l 4  |m 2  |o 265 BER 2013  |p 5196302  |r 2025-01-17  |s 2024-04-15  |w 2019-11-23  |y BK  |z Catalogado en:20150904  |k ICR